000 00546nam a2200169 i 4500
001 55270
003 ES-MaACL
005 20230906163118.0
007 t|
008 030916s1967 sp ||||1| spa d
100 1 _aDemijov, V. P.
_943651
245 1 0 _aTrasplante experimental de órganos vitales /
_cV.P. Demijov ; traducción del inglés por Fernando Cardenal.
260 _aMadrid :
_bAtlante,
_c1967.
300 _a343 p., 22 lám., 1 gráf. pleg. ;
_c23 cm.
700 1 _aCardenal, Fernando.
_935127
852 _aES-MaACL
_jC-32367
_bR.62921
999 _c55270
_d55270